000 00806nam a2200205 a 4500
003 0
005 20250310114103.0
008 090710s19uu xx 00 eng d
050 _aPHS BF 697.5.S43
_b.K19 2009
100 _aKasahara, Kohji F.
245 _aSelf-awareness and leadership skills of upper school class officers of Southville International School and Colleges /
_cKohji F. Kasahara.
260 _aLas PiƱas City, Philippines :
_bSouthville International School and Colleges,
_c2009.
300 _a37 pages :
_billustrations ;
_c28 cm.
504 _aIncludes bibliographical references.
650 _aSelf-awareness in adolescence.
650 _aLeadership in adolescence.
650 _aLeadership
_xPsychological aspects.
650 _aStudent leadership
_zPhilippines.
942 _2lcc
_cPASS
999 _c98249
_d98249